000 00610nam a22001697a 4500
005 20251108164911.0
008 250721s2002 xx 000 0 ara d
082 1 4 _a005.3/مست
100 1 _aالمستريحي، حسام
_eمؤلف
245 1 0 _aكيف تستخدم ويندوز وأوفس 2000 ؟ :
_bتكنلوجيا المعلومات-ويندوز-وورد-اكسل-بوربوينت /
264 1 _aعمان :
_bدار أسامة للنشر والتوزيع،
_c2002.
300 _a240ص.
650 1 7 _aالحواسيب
650 1 7 _aبرامج الحواسيب
942 _2ddc
_cBK
999 _c17027
_d17027